header

Localizing Caroline drama (Record no. 246973)

MARC details
000 -LEADER
fixed length control field 01336nam a2200313Ia 4500
082 04 - DEWEY DECIMAL CLASSIFICATION NUMBER
Classification number 792.0941/09032
245 00 - TITLE STATEMENT
Title Localizing Caroline drama
260 ## - PUBLICATION, DISTRIBUTION, ETC. (IMPRINT)
Place of publication New York :
Name of publisher Palgrave Macmillan,
Year of publication 2006.
300 ## - PHYSICAL DESCRIPTION
Number of Pages 259 p.
650 #0 - SUBJECT ADDED ENTRY--TOPICAL TERM
Topical Term Theater
Topical Term Theater
700 1# - ADDED ENTRY--PERSONAL NAME
Personal name Zucker, Adam,
Personal name Farmer, Alan B.
856 40 - ELECTRONIC LOCATION AND ACCESS
Uniform Resource Identifier http://site.ebrary.com/lib/rucke/Doc?id=10167452

No items available.

© 2026 Rongo University
Contact us: librarian | system librarian | Rongo university